Insects
| Main Author: | |
|---|---|
| Format: | Book |
| Published: |
Washington :
National Geographic ,
2017
|
| Subjects: |
MARC
| LEADER | 00000cam a2200000 7i4500 | ||
|---|---|---|---|
| 001 | 0000227015 | ||
| 005 | 20180924.0 | ||
| 020 | |a 9781426327407 | ||
| 090 | 0 | 0 | |a 595.7 |b ROM |
| 100 | 1 | |a Romero, Libby | |
| 245 | 1 | 0 | |a Insects |c Libby Romero |
| 260 | |a Washington : |b National Geographic , |c 2017 | ||
| 300 | |a 160p. : |b col. photos ; |c 20cm. | ||
| 650 | 0 | |a Insects |v Juvenile literature | |
| 650 | 0 | |a Insects |x Identification |v Juvenile literature | |
| 999 | |a 00362743 |b BUKU |c JUNIOR BOOKS |e PERPUSTAKAAN KOMUNITI PETALING JAYA | ||